Estadísticas para Princesas Disney

Haz click aquí para intentar la prueba.

Estadísticas generales

  • Esta prueba ha sido intentada 89 veces
  • La puntuación promedio es 13 de 14

Estadísticas de respuestas

Respuesta% Correcto
Ariel
100%
Blancanieves
100%
Mulan
100%
Elsa
99%
Pocahontas
98%
Anna
96%
Cenicienta
96%
Vaiana
96%
Bella
95%
Rapunzel
95%
Jasmine
93%
Aurora
91%
Tiana
88%
Mérida
84%

Distribución de puntuación

Porcentaje por número respondido

Porcentaje de gente con cada puntuación

Historial de tus puntuaciones

No has intentado esta prueba.